00343nam a22001457a 4500003000400000005001700004008004100021040000800062050001000070082001000080100002100090245004600111260003100157300000900188OSt20230531155851.0230531b |||||||| |||| 00| 0 eng d cDLC bB639D bB639D a Blanchard, John aDealing with Dawkins/cby John Blanchard. aEngland:bEP Books,c2010. a95p.